| 000 | 01119nam a2200313 i 4500 | ||
|---|---|---|---|
| 001 | bgj | ||
| 100 | 1 | _aCARNE, Paul | |
| 245 | 1 | 0 |
_aCambridge practice tests for first certificate 1 : _bself-study ed. / _cPaul Carne, Louise Hashemi and Barbara Thomas. |
| 260 |
_aCambridge : _bCambridge University Press, _c1996. |
||
| 300 |
_aVII, 184 pp, 12 colour plates : _bill., phot. ; _c25 cm. |
||
| 490 | 1 | _aCambridge Examinations Publishing | |
| 505 | _aIncl. answer key, tapescripts and visual materials for the speaking test. | ||
| 650 | 9 |
_aEnglish language _xFCE |
|
| 650 | 9 |
_aEnglish language _xFCE examinations |
|
| 650 | 9 |
_aEnglish language _xFCE practice tests |
|
| 650 | 9 |
_aEnglish language _xFCE tests |
|
| 655 | _aExaminations, questions, etc. | ||
| 700 | 1 | _aHASHEMI, Louise | |
| 700 | 1 | _aTHOMAS, Barbara | |
| 700 | 1 |
_aHASHEMI, Louise. _eco-auth. |
|
| 700 | 1 |
_aTHOMAS, Barbara. _eco-auth. |
|
| 830 | _aCambridge Examinations Publishing | ||
| 020 | _a0521498961 (pbk) | ||
| 040 | _cBPK | ||
| 041 | 0 | _aeng | |
| 920 | _a0521-49896-1 (pbk) | ||
| 942 | _cKS | ||
| 008 | s uk f |000 0 eng | ||
| 999 |
_c48147 _d48147 |
||
| 856 |
_uhttp://koha.tu.koszalin.pl/cgi-bin/koha/opac-detail.pl?biblionumber=48147 _yKatalog online BPK |
||